Situation Economique au 1 er Janvier 1982 Repoblica Demokratika Malagasy
Gespeichert in:
| Format: | Buch |
|---|---|
| Sprache: | Französisch |
| Veröffentlicht: |
Tananarive
Institut National de la Statistique et de la Recherche Economique
1982
|
| Tags: |
Keine Tags, Fügen Sie das erste Tag hinzu!
|
MARC
| LEADER | 00000nam a2200000 4500 | ||
|---|---|---|---|
| 001 | c041743 | ||
| 005 | 20221220100005.7 | ||
| 041 | 0 | |a fre | |
| 044 | |a MG | ||
| 245 | 1 | 0 | |a Situation Economique au 1 er Janvier 1982 |b Repoblica Demokratika Malagasy |
| 264 | 1 | |a Tananarive |b Institut National de la Statistique et de la Recherche Economique |c 1982 | |
| 300 | |a 53 s. | ||